Budapesten lógtak a lányok

Podrobná bibliografia
Hlavný autor: (ay) (Autor)
Médium: Článok
Jazyk:maďarčina
slovenčina
PhysicalDescription:Fotografie
ISSN:1339-293X
Predmet:

MARC

LEADER 00000nab a2200000 4500
001 vtls012139566
003 SK-MaSNL
005 20260318122700.0
008 220615|2022 xo |||| || ||00 0|hun
015 |a SNBRB2022/06 
040 |a DSZK  |b slo  |c DSZK  |e rda 
041 0 |a hun  |a slo 
043 |a e-xo--- 
044 |a xo  |c SK 
072 7 |a 796  |x Šport. Hry. Telesné cvičenia  |2 konspekt 
080 |a 796.012.62  |2 2011 
100 1 |a (ay)  |4 aut  |9 1313674 
245 1 0 |a Budapesten lógtak a lányok  |c [szerző] (ay) 
300 |b Fotografie 
336 |a text  |b txt  |2 rdacontent 
337 |a bez média  |b n  |2 rdamedia 
338 |a zväzok  |b nc  |2 rdacarrier 
650 0 7 |a joga  |2 SNKPH  |9 4277 
650 0 7 |a ayfly joga  |2 dszk  |9 1548645 
651 7 |a Vydrany (Slovensko)  |2 SNKPHgeo  |9 69676 
773 0 |t Hodos, a mi falunk = Vydrany, naša dedina  |g Évf. XVI, sz. 5 (2022), o. 15  |x 1339-293X 
958 |a SK 
958 |a HU 
958 |a RG 
999 |c 3142621  |d 3144551